SOUTHERN NDEBELE NDZUNDZA (Record no. 649759)
[ view plain ]
| 000 -LEADER | |
|---|---|
| fixed length control field | 00449nam a2200169Ia 4500 |
| 005 - DATE AND TIME OF LATEST TRANSACTION | |
| control field | 20220907104625.0 |
| 008 - FIXED-LENGTH DATA ELEMENTS--GENERAL INFORMATION | |
| fixed length control field | 220622s9999 xx 000 0 und d |
| 020 ## - INTERNATIONAL STANDARD BOOK NUMBER | |
| International Standard Book Number | <a href="978-0620812771">978-0620812771</a> |
| 040 ## - CATALOGING SOURCE | |
| Transcribing agency | 3228 |
| 082 ## - DEWEY DECIMAL CLASSIFICATION NUMBER | |
| Classification number | NF 572.968 |
| 942 ## - ADDED ENTRY ELEMENTS | |
| Modifier ID | 163 |
| Modifier Name | Khulile Ngwenya |
| 100 ## - MAIN ENTRY--PERSONAL NAME | |
| Personal name | MTHIMUNYE,PAUL |
| 245 #0 - TITLE STATEMENT | |
| Title | SOUTHERN NDEBELE NDZUNDZA |
| Statement of responsibility, etc. | MTHIMUNYE,PAUL |
| 260 ## - PUBLICATION, DISTRIBUTION, ETC. | |
| Place of publication, distribution, etc. | Pretoria |
| Name of publisher, distributor, etc. | EARS publisher |
| Date of publication, distribution, etc. | 2018 |
| 300 ## - PHYSICAL DESCRIPTION | |
| Extent | 55 pages |
| Dimensions | 20cm |
| 942 ## - ADDED ENTRY ELEMENTS | |
| item type | Books |
| Source of classification or shelving scheme | Dewey Decimal Classification |
| Withdrawn status | Lost status | Damaged status | Not for loan | Home library | Current library | Date acquired | Cost, normal purchase price | Total Checkouts | Barcode | Date last seen | Price effective from | item type | Full call number | Public note | Source of classification or shelving scheme |
|---|---|---|---|---|---|---|---|---|---|---|---|---|---|---|---|
| Komatipoort Public Library | Komatipoort Public Library | 01.06.2022 | 162.00 | 33809000359732 | 01.06.2022 | 01.06.2022 | Books | 572.968 MTHI | 18/19 | ||||||
| Komatipoort Public Library | Komatipoort Public Library | 01.06.2022 | 162.00 | 33809000358965 | 01.06.2022 | 01.06.2022 | Books | 572.968 MTHI | 19/19 | ||||||
| LYDENBURG REGIONAL LIBRARY | Leroro | 07.09.2022 | 33228031027189 | 07.09.2022 | 07.09.2022 | Books | NF 572.968 | Dewey Decimal Classification | |||||||
| Mhluzi Ext 7 PL (MMID-PLST-MHL7) | Mhluzi Ext 7 PL (MMID-PLST-MHL7) | 27.05.2022 | 162.00 | 33809000337084" | 27.05.2022 | 27.05.2022 | Books | ||||||||
| Mhluzi Ext 7 PL (MMID-PLST-MHL7) | Mhluzi Ext 7 PL (MMID-PLST-MHL7) | 01.06.2022 | 162.00 | 33809000337019 | 01.06.2022 | 01.06.2022 | Books | 572.968 MTHI | 220/19 | ||||||
| Mhluzi Ext 7 PL (MMID-PLST-MHL7) | Mhluzi Ext 7 PL (MMID-PLST-MHL7) | 01.06.2022 | 162.00 | 33809000337084 | 01.06.2022 | 01.06.2022 | Books | 572.968 MTHI | 221/19 |